[Event "CYCC U12"]
[Site "Regina CAN"]
[Date "2019.07.08"]
[Round "4.86"]
[White "Locham, Divjot"]
[Black "Hu, Raymond"]
[Result "1-0"]
[WhiteElo "1666"]
[BlackElo "1504"]
[PlyCount "113"]
[EventDate "2019.07.07"]
[EventType "swiss"]
[EventRounds "7"]
[EventCountry "CAN"]

1. e4 c5 2. Nf3 Nc6 3. Bb5 d6 4. O-O Nf6 5. Re1 Bd7 6. c3 e5 7. d4 cxd4 8. cxd4
exd4 9. Nxd4 Be7 10. Nc3 a6 11. Ba4 O-O 12. Bf4 Qc7 13. Rc1 Rac8 14. Nd5 Qd8
15. Nxc6 Bxc6 16. Bxc6 bxc6 17. Nxe7+ Qxe7 18. Bxd6 Qb7 19. Bxf8 Rxf8 20. b3 h6
21. Qd6 Rc8 22. e5 Ne8 23. Qc5 g6 24. e6 Kg7 25. exf7 Kxf7 26. Qe3 Kg7 27. Qe7+
Qxe7 28. Rxe7+ Kf6 29. Ra7 Kg5 30. Rxa6 c5 31. Ra5 Kf6 32. Raxc5 Ra8 33. Rc8
Rxc8 34. Rxc8 Nd6 35. Rc6 Ke7 36. Rxd6 Kxd6 37. Kf1 Kc5 38. Ke2 Kb4 39. Kf3 Ka3
40. Ke4 Kb4 41. Ke5 Kc5 42. Kf6 g5 43. a4 Kb4 44. Kg6 Ka5 45. Kxh6 Kb4 46. Kxg5
Ka5 47. f4 Kb4 48. f5 Ka5 49. f6 Kb4 50. f7 Ka5 51. f8=Q Kb6 52. Qd6+ Ka5 53.
Qc5+ Ka6 54. b4 Kb7 55. a5 Ka8 56. a6 Kb8 57. Qc6 1-0

[Event "CYCC U12"]
[Site "Regina CAN"]
[Date "2019.07.08"]
[Round "4.88"]
[White "Chen, Ricky"]
[Black "He, Matthew"]
[Result "1/2-1/2"]
[WhiteElo "1544"]
[BlackElo "1161"]
[PlyCount "105"]
[EventDate "2019.07.07"]
[EventType "swiss"]
[EventRounds "7"]
[EventCountry "CAN"]

1. e4 c6 2. d4 d5 3. exd5 cxd5 4. c4 Nf6 5. Nc3 Nc6 6. Nf3 Be6 7. cxd5 Bxd5 8.
Ne5 e6 9. Be3 Bb4 10. a3 Bxc3+ 11. bxc3 Qa5 12. Qc2 Nxe5 13. dxe5 Ne4 14. Bd4
Rc8 15. Bd3 Nxc3 16. O-O Bxg2 17. Rfc1 Qd5 18. Bxc3 O-O 19. f4 Bh1 20. Bf1 Qf3
21. Qf2 Rxc3 22. Qxf3 Rxf3 23. Kxh1 Rxf4 24. Bg2 Rf5 25. Re1 Rd8 26. Bxb7 Rd2
27. Rac1 g6 28. Rc3 Rh5 29. h3 Rd4 30. Ree3 Rd2 31. Rc8+ Kg7 32. Ba6 Rd5 33.
Rc7 Rhxe5 34. Rxe5 Rxe5 35. a4 Kf8 36. Rxa7 Ra5 37. Ra8+ Ke7 38. Bb7 Rxa8 39.
Bxa8 Kd7 40. a5 Kc7 41. a6 Kb6 42. Bb7 h5 43. h4 f6 44. Kg2 e5 45. Kf3 g5 46.
Kg3 gxh4+ 47. Kxh4 f5 48. Kxh5 e4 49. Kh4 e3 50. Kg3 f4+ 51. Kf3 Ka7 52. Bc8
Kb6 53. Bf5 1/2-1/2

[Event "CYCC U12"]
[Site "Regina CAN"]
[Date "2019.07.08"]
[Round "4.89"]
[White "Zeng, Gordon"]
[Black "Pathak, Pranav"]
[Result "0-1"]
[WhiteElo "780"]
[BlackElo "1260"]
[PlyCount "71"]
[EventDate "2019.07.07"]
[EventType "swiss"]
[EventRounds "7"]
[EventCountry "CAN"]

1. e4 c5 2. Nf3 d6 3. d4 cxd4 4. Nxd4 Nf6 5. Nc3 Nc6 6. Nf3 e6 7. Bc4 Be7 8.
Bg5 a6 9. Qd2 O-O 10. h4 b5 11. Bb3 b4 12. Ne2 Nxe4 13. Qe3 Nf6 14. h5 Ng4 15.
Qd2 Bxg5 16. Nxg5 h6 17. Nf3 Nf6 18. c4 bxc3 19. Qxc3 Qa5 20. Rc1 Bb7 21. Qxa5
Nxa5 22. Rh4 Nxb3 23. axb3 Bd5 24. Nd2 Rfb8 25. Rh3 Bxg2 26. Rg3 Bd5 27. Nf4
Rb6 28. Rcc3 Rbb8 29. Rcd3 a5 30. Nxd5 Nxd5 31. Ke2 Nf4+ 32. Ke3 Nxd3 33. Kxd3
d5 34. Nf3 Rxb3+ 35. Ke2 Rxb2+ 36. Ke3 {...} 0-1

[Event "CYCC U12"]
[Site "Regina CAN"]
[Date "2019.07.08"]
[Round "4.90"]
[White "Zhang, Raymond Tangning"]
[Black "Pan, Thomas"]
[Result "0-1"]
[WhiteElo "1226"]
[BlackElo "1137"]
[PlyCount "54"]
[EventDate "2019.07.07"]
[EventType "swiss"]
[EventRounds "7"]
[EventCountry "CAN"]

1. d4 Nf6 2. Nf3 g6 3. Bf4 Bg7 4. e3 a6 5. Bd3 d5 6. c4 c5 7. Nc3 Nc6 8. O-O
O-O 9. cxd5 Nxd5 10. Ne5 Nxf4 11. Nxc6 bxc6 12. exf4 cxd4 13. Ne4 Qd5 14. b3
Bb7 15. Rc1 Rac8 16. Rc5 Qd7 17. f5 Kh8 18. fxg6 fxg6 19. Re1 Rce8 20. Ng5 Qd6
21. Rc2 c5 22. Nxh7 Kxh7 23. Qh5+ Bh6 24. Bxg6+ Qxg6 25. Qxg6+ Kxg6 26. Rxc5 d3
27. Re6+ Rf6 0-1

[Event "CYCC U12"]
[Site "Regina CAN"]
[Date "2019.07.08"]
[Round "4.91"]
[White "Rocan, Felix"]
[Black "Zhang, Justin"]
[Result "1-0"]
[WhiteElo "1150"]
[BlackElo "536"]
[PlyCount "73"]
[EventDate "2019.07.07"]
[EventType "swiss"]
[EventRounds "7"]
[EventCountry "CAN"]

1. e4 e5 2. Nf3 Nf6 3. Nc3 Nc6 4. Bb5 Bb4 5. O-O Bxc3 6. dxc3 O-O 7. Bd3 d5 8.
exd5 Nxd5 9. Be4 Nf6 10. Bxc6 bxc6 11. Nxe5 Qe8 12. Re1 Be6 13. Bg5 Nd5 14. c4
Nb6 15. c5 Nd5 16. c4 Nb4 17. Bd2 Na6 18. b3 Nxc5 19. Be3 Nd7 20. Nxc6 Nf6 21.
Ne5 Qc8 22. Nc6 Bd7 23. Ne7+ Kh8 24. Nxc8 Raxc8 25. Bg5 Rfe8 26. Rxe8+ Rxe8 27.
Bxf6 gxf6 28. Qxd7 Re5 29. Qxf7 h5 30. Qxf6+ Kh7 31. Qxe5 h4 32. Qh5+ Kg7 33.
Qxh4 c5 34. Re1 a5 35. Re7+ Kf8 36. Qf6+ Kg8 37. Qg7# 1-0

[Event "CYCC U12"]
[Site "Regina CAN"]
[Date "2019.07.08"]
[Round "4.92"]
[White "Yim, Warren"]
[Black "Han, Yi"]
[Result "1/2-1/2"]
[WhiteElo "697"]
[BlackElo "738"]
[PlyCount "71"]
[EventDate "2019.07.07"]
[EventType "swiss"]
[EventRounds "7"]
[EventCountry "CAN"]

1. e4 e6 2. Bc4 d5 3. exd5 exd5 4. Bb3 Nf6 5. Nf3 Nc6 6. Nc3 Be7 7. d4 O-O 8.
O-O Bf5 9. Ne5 Qd6 10. Nxc6 Qxc6 11. Qf3 Bg4 12. Qg3 Bd6 13. Qe3 Rfe8 14. Qd3
Bb4 15. Ba4 Qd7 16. Bxd7 Red8 17. Bxg4 Nxg4 18. h3 Nf6 19. Qg3 g6 20. Bh6 Nh5
21. Qg5 c6 22. g4 Ng7 23. Qf6 Bf8 24. Rfe1 Rd6 25. Qe5 Rdd8 26. Qf6 Rd6 27. Qe5
Rdd8 28. Re2 Rd6 29. Rae1 Rdd8 30. Qf6 Rd6 31. Qf4 Ne6 32. Qf6 Rdd8 33. Qe5 Re8
34. Qf6 Rad8 35. g5 Be7 36. Qe5 1/2-1/2

[Event "CYCC U12"]
[Site "Regina CAN"]
[Date "2019.07.08"]
[Round "4.93"]
[White "Shan, Eric"]
[Black "Levac, Guillaume"]
[Result "1-0"]
[WhiteElo "902"]
[BlackElo "914"]
[PlyCount "31"]
[EventDate "2019.07.07"]
[EventType "swiss"]
[EventRounds "7"]
[EventCountry "CAN"]

1. e4 c5 2. Nf3 Nf6 3. Nc3 e5 4. Nxe5 Bd6 5. Nf3 Bc7 6. d4 cxd4 7. Nxd4 Bb6 8.
Nf5 Ba5 9. Nxg7+ Kf8 10. Bh6 Bxc3+ 11. bxc3 Ke7 12. Nf5+ Ke8 13. Ng7+ Ke7 14.
e5 Qa5 15. exf6+ Kxf6 16. Qd6# 1-0

[Event "CYCC U12"]
[Site "Regina CAN"]
[Date "2019.07.08"]
[Round "4.94"]
[White "Boucher, Samuel"]
[Black "Levesque, Remy"]
[Result "1-0"]
[WhiteElo "898"]
[BlackElo "1047"]
[PlyCount "45"]
[EventDate "2019.07.07"]
[EventType "swiss"]
[EventRounds "7"]
[EventCountry "CAN"]

1. e4 e5 2. Nf3 d6 3. Bc4 Nh6 4. O-O Be6 5. Be2 Bg4 6. h3 Bxf3 7. Bxf3 g5 8. d4
Nc6 9. Be3 exd4 10. Bxd4 Nxd4 11. Qxd4 Rg8 12. Nc3 g4 13. hxg4 c5 14. Qa4+ Ke7
15. Nd5+ Ke6 16. Qc4 Nxg4 17. Nc7+ Kd7 18. Nxa8 Qh4 19. Rad1 Rg6 20. Qxf7+ Kc6
21. Qc7+ Kb5 22. Qxb7+ Kc4 23. Qb3# 1-0

[Event "CYCC U12"]
[Site "Regina CAN"]
[Date "2019.07.09"]
[Round "5.81"]
[White "Chandra, Anand"]
[Black "Xu, Daniel"]
[Result "1/2-1/2"]
[WhiteElo "2034"]
[BlackElo "2098"]
[PlyCount "89"]
[EventDate "2019.07.07"]
[EventType "swiss"]
[EventRounds "7"]
[EventCountry "CAN"]

1. e4 c5 2. Nf3 d6 3. Bb5+ Nd7 4. c3 Ngf6 5. Qe2 e6 6. O-O Be7 7. d4 cxd4 8.
cxd4 O-O 9. Nc3 a6 10. Bd3 e5 11. Be3 b5 12. a3 Bb7 13. Bc2 Rc8 14. Rfd1 Qc7
15. Rac1 Qb8 16. Nh4 Rfe8 17. Nf5 Bf8 18. d5 g6 19. Ng3 Qc7 20. Bb3 Qa5 21. Na2
Rxc1 22. Rxc1 Rc8 23. Rxc8 Bxc8 24. Nb4 Qc7 25. f3 Bb7 26. Nf1 Be7 27. Nd3 Bd8
28. Qc2 Qxc2 29. Bxc2 Bb6 30. Kf2 Kf8 31. Ke2 Bxe3 32. Nxe3 Ke7 33. a4 Nc5 34.
axb5 axb5 35. Nb4 Kd7 36. Bd3 Nxd3 37. Kxd3 Kc7 38. Kc3 Kb6 39. Nd3 Bc8 40. Kb4
Bd7 41. Nd1 Ne8 42. Kc3 f5 43. N1f2 Nf6 44. b4 h6 45. Kd2 1/2-1/2

[Event "CYCC U12"]
[Site "Regina CAN"]
[Date "2019.07.09"]
[Round "5.82"]
[White "Zhu, Matthew"]
[Black "Locham, Divjot"]
[Result "0-1"]
[WhiteElo "1863"]
[BlackElo "1666"]
[PlyCount "52"]
[EventDate "2019.07.07"]
[EventType "swiss"]
[EventRounds "7"]
[EventCountry "CAN"]

1. e4 e5 2. Nf3 Nc6 3. d4 exd4 4. Nxd4 Nf6 5. Nxc6 bxc6 6. e5 Qe7 7. Qe2 Nd5 8.
c4 Ba6 9. b3 g6 10. Bb2 Bg7 11. Nd2 O-O 12. Qe4 Nb6 13. Bd3 d5 14. Qe2 dxc4 15.
Bxc4 Bxc4 16. Nxc4 Nxc4 17. bxc4 Qb4+ 18. Kf1 Rab8 19. Bc1 Qc3 20. f4 Qxa1 21.
Kf2 Rb1 22. Qc2 Rbb8 23. Rd1 Rfd8 24. Re1 Qd4+ 25. Re3 Bf8 26. Kg3 Qd1 0-1

[Event "CYCC U12"]
[Site "Regina CAN"]
[Date "2019.07.09"]
[Round "5.83"]
[White "Qin, Kevin"]
[Black "Ajith, Aayush"]
[Result "1/2-1/2"]
[WhiteElo "1676"]
[BlackElo "1810"]
[PlyCount "105"]
[EventDate "2019.07.07"]
[EventType "swiss"]
[EventRounds "7"]
[EventCountry "CAN"]

1. Nf3 Nf6 2. d4 d5 3. c4 g6 4. Nc3 Bg7 5. Qb3 c6 6. Bf4 O-O 7. e3 dxc4 8. Bxc4
b5 9. Be2 Be6 10. Qc2 h6 11. O-O Nbd7 12. a3 a6 13. e4 Rc8 14. h3 a5 15. b4 a4
16. Qd2 Kh7 17. Rac1 Nb6 18. Ne5 Nfd7 19. Nf3 Bc4 20. Rfd1 Bxe2 21. Nxe2 Nc4
22. Qa2 Qb6 23. Nd2 Nd6 24. Be3 Qb7 25. Qc2 Nb6 26. Qa2 e6 27. f3 Rfd8 28. Bf2
Rd7 29. Nf4 Ndc4 30. Nxc4 Nxc4 31. e5 Rcd8 32. Nd3 Bf8 33. Nb2 Nb6 34. Bh4 Rc8
35. Bf6 Nd5 36. Bh4 Qb6 37. Bf2 Ra7 38. Nd3 Rd7 39. h4 Qd8 40. Qc2 Nb6 41. Nf4
Nd5 42. Nd3 Nb6 43. h5 Nd5 44. Kh2 Qg5 45. hxg6+ fxg6 46. Qd2 Qh5+ 47. Kg1 Qf5
48. Qe2 Nf4 49. Nxf4 Qxf4 50. Qe4 Qxe4 51. fxe4 Bg7 52. Rc2 Bxe5 53. Rcd2
1/2-1/2

[Event "CYCC U12"]
[Site "Regina CAN"]
[Date "2019.07.09"]
[Round "5.84"]
[White "Offengenden, Ron"]
[Black "Srinivas, Atharva"]
[Result "1/2-1/2"]
[WhiteElo "1635"]
[BlackElo "1742"]
[PlyCount "57"]
[EventDate "2019.07.07"]
[EventType "swiss"]
[EventRounds "7"]
[EventCountry "CAN"]

1. e4 e5 2. Nf3 Nc6 3. Bc4 Bc5 4. d3 Nf6 5. Nc3 h6 6. h3 d6 7. Be3 Bb6 8. Qd2
O-O 9. Nd5 Nxd5 10. Bxd5 Qf6 11. O-O-O Be6 12. Bb3 Bxb3 13. cxb3 Rfd8 14. Kb1
d5 15. Qe2 dxe4 16. dxe4 Bxe3 17. Qxe3 Rxd1+ 18. Rxd1 Rd8 19. Rxd8+ Qxd8 20.
Qd2 Qxd2 21. Nxd2 Nd4 22. Nf3 f6 23. Nxd4 exd4 24. Kc2 c5 25. Kd3 Kf7 26. b4
cxb4 27. Kxd4 Ke6 28. Kc4 Ke5 29. f3 1/2-1/2

[Event "CYCC U12"]
[Site "Regina CAN"]
[Date "2019.07.09"]
[Round "5.85"]
[White "Srinivasan, Hemant"]
[Black "Sharma, Vishruth"]
[Result "1-0"]
[WhiteElo "1911"]
[BlackElo "1765"]
[PlyCount "73"]
[EventDate "2019.07.07"]
[EventType "swiss"]
[EventRounds "7"]
[EventCountry "CAN"]

1. d4 Nf6 2. c4 g6 3. Nc3 Bg7 4. e4 d6 5. Nf3 O-O 6. Be2 e5 7. O-O Nc6 8. d5
Ne7 9. b4 Ne8 10. Nd2 f5 11. a4 Nf6 12. f3 f4 13. Ba3 g5 14. c5 Ng6 15. Nc4 Rf7
16. b5 dxc5 17. Bxc5 Bf8 18. Bf2 h5 19. a5 Rg7 20. b6 cxb6 21. d6 Ne8 22. Nb5
Qf6 23. axb6 a6 24. Nc7 Nxc7 25. bxc7 g4 26. fxg4 Qg5 27. h3 Bd7 28. Nb6 Re8
29. Rc1 Bb5 30. Bxb5 axb5 31. c8=Q Rxc8 32. Rxc8 f3 33. Qxf3 Nf4 34. d7 hxg4
35. Qxg4 Qh6 36. Rxf8+ Kh7 37. Qf5+ 1-0

[Event "CYCC U12"]
[Site "Regina CAN"]
[Date "2019.07.09"]
[Round "5.86"]
[White "Lin, Joey"]
[Black "Chen, Ricky"]
[Result "0-1"]
[WhiteElo "1255"]
[BlackElo "1544"]
[PlyCount "120"]
[EventDate "2019.07.07"]
[EventType "swiss"]
[EventRounds "7"]
[EventCountry "CAN"]

1. e4 c5 2. Nf3 d6 3. d3 Nf6 4. g3 Nc6 5. Bg2 e6 6. O-O Be7 7. Nbd2 O-O 8. Re1
d5 9. e5 Nd7 10. Nf1 b5 11. a3 c4 12. d4 a5 13. c3 Bb7 14. Be3 b4 15. a4 b3 16.
h3 Na7 17. N1h2 Bc6 18. h4 Nc8 19. h5 Ncb6 20. Ng4 Nxa4 21. Rb1 Nab6 22. Nd2 a4
23. h6 g6 24. Nf3 a3 25. Qd2 a2 26. Ra1 Qb8 27. Bg5 Ba3 28. Nf6+ Nxf6 29. Bxf6
Na4 30. Qf4 Qb7 31. Bg5 f5 32. exf6 Bxb2 33. Rxe6 Bxa1 34. Re7 Qxe7 35. Ne5
Bxc3 36. f7+ Rxf7 37. Bxe7 a1=Q+ 38. Kh2 Rxf4 39. gxf4 Bb7 40. Nxc4 dxc4 41.
Bxb7 Bxd4 42. Bxa8 b2 43. f5 gxf5 44. Bd5+ Kh8 45. Kg3 b1=R 46. Kh4 Bf6+ 47.
Bxf6+ Qxf6+ 48. Kg3 Qe5+ 49. f4 Rb3+ 50. Bf3 Qe2 51. Kh4 Rxf3 52. Kg5 Rg3+ 53.
Kxf5 Kg8 54. Kf6 Rf3 55. Kf5 c3 56. Kg5 c2 57. Kf5 c1=R 58. Kg5 Rg3+ 59. Kf5
Rc5+ 60. Kf6 Rg6# 0-1

[Event "CYCC U12"]
[Site "Regina CAN"]
[Date "2019.07.09"]
[Round "5.88"]
[White "He, Matthew"]
[Black "Wang, Daniel"]
[Result "1-0"]
[WhiteElo "1161"]
[BlackElo "1406"]
[PlyCount "55"]
[EventDate "2019.07.07"]
[EventType "swiss"]
[EventRounds "7"]
[EventCountry "CAN"]

1. d4 d5 2. c4 e6 3. Nc3 Nf6 4. cxd5 exd5 5. Bg5 Be7 6. e3 Nbd7 7. Bd3 b6 8.
Nge2 Bb7 9. Ng3 Ne4 10. Ncxe4 dxe4 11. Bxe4 Bxe4 12. Nxe4 Bxg5 13. Qg4 Bf6 14.
Nxf6+ Qxf6 15. Qe4+ Qe6 16. Qxa8+ Ke7 17. Qxh8 Qg6 18. O-O Nf8 19. Rac1 Ne6 20.
Rc3 c5 21. dxc5 Ng5 22. e4 bxc5 23. Qc8 Nxe4 24. Qc7+ Kf6 25. Qc6+ Kg5 26. Rg3+
Nxg3 27. Qxg6+ Kxg6 28. fxg3 1-0

[Event "CYCC U12"]
[Site "Regina CAN"]
[Date "2019.07.09"]
[Round "5.89"]
[White "Pathak, Pranav"]
[Black "Pan, Thomas"]
[Result "1-0"]
[WhiteElo "1260"]
[BlackElo "1137"]
[PlyCount "75"]
[EventDate "2019.07.07"]
[EventType "swiss"]
[EventRounds "7"]
[EventCountry "CAN"]

1. e4 c5 2. Nf3 Nc6 3. d4 cxd4 4. Nxd4 Qb6 5. Nxc6 bxc6 6. Bd3 Nf6 7. Nc3 e6 8.
O-O d5 9. exd5 cxd5 10. b3 Be7 11. h3 O-O 12. Bb2 Bb7 13. Qe2 Qc6 14. f3 Rac8
15. Rac1 Rfd8 16. Nb5 a6 17. Nc3 Bb4 18. Na4 d4 19. Qe5 Bd2 20. Rcd1 Be3+ 21.
Kh1 Rd5 22. Qg3 Rg5 23. Qh4 Rd8 24. Rde1 Rdd5 25. Bc4 Rh5 26. Qg3 Rdg5 27. Qb8+
Qc8 28. Qxc8+ Bxc8 29. Kh2 Bb7 30. c3 e5 31. cxd4 exd4 32. Rd1 h6 33. Bxd4 Bf4+
34. Kh1 Ne4 35. fxe4 Bxe4 36. Bxf7+ Kh7 37. Bxh5 Rxg2 38. Bf3 1-0

[Event "CYCC U12"]
[Site "Regina CAN"]
[Date "2019.07.09"]
[Round "5.90"]
[White "Yim, Warren"]
[Black "Shan, Eric"]
[Result "0-1"]
[WhiteElo "697"]
[BlackElo "902"]
[PlyCount "84"]
[EventDate "2019.07.07"]
[EventType "swiss"]
[EventRounds "7"]
[EventCountry "CAN"]

1. e4 e5 2. Bc4 Nf6 3. Nc3 Bb4 4. d3 h6 5. Be3 O-O 6. Nf3 Nc6 7. O-O Re8 8. Qe2
Bxc3 9. bxc3 d5 10. exd5 Nxd5 11. h3 Nxc3 12. Qd2 Nd5 13. d4 Nxe3 14. Qxe3 exd4
15. Qf4 Be6 16. Bb5 a6 17. Ba4 b5 18. Bb3 Bxb3 19. axb3 Re6 20. Rae1 Rf6 21.
Qd2 Re6 22. Rxe6 fxe6 23. Rc1 e5 24. c3 dxc3 25. Qxd8+ Rxd8 26. Rxc3 Nd4 27.
Nxd4 exd4 28. Rd3 c5 29. Kf1 c4 30. bxc4 bxc4 31. Rd1 d3 32. Ke1 c3 33. h4 c2
34. Ra1 d2+ 35. Ke2 d1=Q+ 36. Rxd1 cxd1=Q+ 37. Ke3 Rd3+ 38. Ke4 Qe2+ 39. Kf4
Rd4+ 40. Kg3 Qg4+ 41. Kh2 Qxh4+ 42. Kg1 Rd1# 0-1

[Event "CYCC U12"]
[Site "Regina CAN"]
[Date "2019.07.09"]
[Round "5.91"]
[White "Han, Yi"]
[Black "Zhang, Raymond Tangning"]
[Result "0-1"]
[WhiteElo "738"]
[BlackElo "1226"]
[PlyCount "66"]
[EventDate "2019.07.07"]
[EventType "swiss"]
[EventRounds "7"]
[EventCountry "CAN"]

1. e4 e6 2. d4 d5 3. exd5 exd5 4. Nf3 Nf6 5. c4 Be7 6. Nc3 O-O 7. Be2 dxc4 8.
Bxc4 Bd6 9. O-O Bg4 10. h3 Bh5 11. Bg5 Nbd7 12. Be2 c6 13. Qc2 Bg6 14. Qd1 Qc7
15. Bd3 Bxd3 16. Qxd3 Rfe8 17. Rfe1 Bf4 18. Rad1 Bxg5 19. Nxg5 h6 20. Nf3 Nb6
21. Rc1 Nbd5 22. Nxd5 Nxd5 23. Re5 Qd7 24. Rce1 Re7 25. Nh4 Rxe5 26. Rxe5 Re8
27. Re2 Rxe2 28. Qxe2 Qe7 29. Qf1 Qxh4 30. Qe1 Qe7 31. Qf1 Qe4 32. Qd1 Nf4 33.
Qd2 Qxg2# 0-1

[Event "CYCC U12"]
[Site "Regina CAN"]
[Date "2019.07.09"]
[Round "5.92"]
[White "Zhang, Justin"]
[Black "Boucher, Samuel"]
[Result "0-1"]
[WhiteElo "536"]
[BlackElo "898"]
[PlyCount "42"]
[EventDate "2019.07.07"]
[EventType "swiss"]
[EventRounds "7"]
[EventCountry "CAN"]

1. e4 e5 2. Nf3 Nc6 3. Nc3 Bc5 4. Bb5 a6 5. Bxc6 dxc6 6. Nxe5 Qd4 7. Qh5 Qxf2+
8. Kd1 g6 9. Qf3 Qd4 10. Nxf7 Nf6 11. Nxh8 Bg4 12. Rf1 Bxf3+ 13. Rxf3 Qg1+ 14.
Ke2 Qxg2+ 15. Kd3 Qxf3+ 16. Kc4 Nd7 17. Nd5 Qxe4+ 18. Kb3 Qxd5+ 19. Ka4 Nb6+
20. Ka5 Qc4 21. b3 Qb4# 0-1

[Event "CYCC U12"]
[Site "Regina CAN"]
[Date "2019.07.09"]
[Round "5.93"]
[White "Levesque, Remy"]
[Black "Zeng, Gordon"]
[Result "0-1"]
[WhiteElo "1047"]
[BlackElo "780"]
[PlyCount "40"]
[EventDate "2019.07.07"]
[EventType "swiss"]
[EventRounds "7"]
[EventCountry "CAN"]

1. e4 e5 2. d3 Nf6 3. Nf3 Nc6 4. Nc3 Bc5 5. h3 d6 6. Bg5 h6 7. Bxf6 Qxf6 8. Nd5
Qd8 9. Nc3 Nd4 10. Nxd4 Bxd4 11. Be2 Qh4 12. Rf1 Qg5 13. Nd5 O-O 14. Nxc7 Rb8
15. Nb5 Bb6 16. Nxd6 Qxg2 17. Bf3 Qxh3 18. Rh1 Qe6 19. Nc4 Bc5 20. Bg4 Qf6 {...
} 0-1

[Event "CYCC U12"]
[Site "Regina CAN"]
[Date "2019.07.09"]
[Round "6.81"]
[White "Xu, Daniel"]
[Black "Locham, Divjot"]
[Result "1-0"]
[WhiteElo "2098"]
[BlackElo "1666"]
[PlyCount "60"]
[EventDate "2019.07.07"]
[EventType "swiss"]
[EventRounds "7"]
[EventCountry "CAN"]

1. d4 d5 2. c4 dxc4 3. Nf3 Nf6 4. Bf4 e6 5. e3 a6 6. a4 c5 7. Bxc4 Nbd7 8. O-O
cxd4 9. exd4 Nb6 10. Bb3 Nbd5 11. Bg3 Bb4 12. Qd3 b6 13. Nc3 Bb7 14. Rac1 Rc8
15. Nxd5 Nxd5 16. Bc4 Ra8 17. Qb3 Bd6 18. Bh4 Ne7 19. Ne5 O-O 20. Rfe1 Kh8 21.
Qh3 Qe8 22. Bd3 h6 23. Bg5 f6 24. Bxh6 fxe5 25. Be3+ Kg8 26. Qxe6+ Rf7 27. Qxd6
Rc8 28. Qxe5 Qxa4 29. Rxc8+ Bxc8 30. Bg5 Qb4 1-0

[Event "CYCC U12"]
[Site "Regina CAN"]
[Date "2019.07.09"]
[Round "6.82"]
[White "Srinivas, Atharva"]
[Black "Chandra, Anand"]
[Result "1/2-1/2"]
[WhiteElo "1742"]
[BlackElo "2034"]
[PlyCount "53"]
[EventDate "2019.07.07"]
[EventType "swiss"]
[EventRounds "7"]
[EventCountry "CAN"]

1. e4 e5 2. Nf3 Nc6 3. Bb5 a6 4. Ba4 Nf6 5. O-O Be7 6. Re1 d6 7. c3 O-O 8. h3
b5 9. Bc2 Re8 10. d4 Bf8 11. Bg5 h6 12. Bh4 Bb7 13. a3 Na5 14. dxe5 dxe5 15.
Qxd8 Raxd8 16. Bxf6 gxf6 17. Nbd2 c5 18. Rad1 c4 19. Nf1 Bc8 20. Rxd8 Rxd8 21.
Rd1 Rxd1 22. Bxd1 Nb7 23. Ne3 Nc5 24. Bc2 Bb7 25. Nd2 Kg7 26. Nf5+ Kg6 27. Nh4+
1/2-1/2

[Event "CYCC U12"]
[Site "Regina CAN"]
[Date "2019.07.09"]
[Round "6.83"]
[White "Ajith, Aayush"]
[Black "Srinivasan, Hemant"]
[Result "1-0"]
[WhiteElo "1810"]
[BlackElo "1911"]
[PlyCount "123"]
[EventDate "2019.07.07"]
[EventType "swiss"]
[EventRounds "7"]
[EventCountry "CAN"]

1. d4 d5 2. c4 e6 3. Nc3 Be7 4. Nf3 Nf6 5. cxd5 exd5 6. Qc2 O-O 7. Bg5 c6 8. e3
Re8 9. Bd3 Nbd7 10. O-O Nf8 11. Rab1 a5 12. a3 Ng6 13. b4 Ne4 14. Bxe4 Bxg5 15.
Bd3 Be7 16. Qb3 Qd6 17. Na4 Bg4 18. Nd2 Bd8 19. b5 Bc7 20. g3 Nh4 21. Rfc1 Nf3+
22. Nxf3 Bxf3 23. bxc6 bxc6 24. Nc5 Qh6 25. Qc2 Bd6 26. Bf1 Qh5 27. Bg2 Bxg2
28. Kxg2 Rab8 29. a4 Qg6 30. Qxg6 hxg6 31. Nb3 Rec8 32. Nxa5 Rxb1 33. Rxb1 Ra8
34. Nb7 Bc7 35. a5 Ra6 36. Ra1 Kf8 37. Nc5 Rxa5 38. Rxa5 Bxa5 39. Nd7+ Ke7 40.
Ne5 Bc3 41. Nxc6+ Kf6 42. Kf3 Ke6 43. Ne5 Ba5 44. Ke2 g5 45. f3 Bc3 46. Kd3 Be1
47. Nc6 f6 48. Na7 f5 49. Nb5 Ba5 50. e4 f4 51. e5 g6 52. g4 Bb6 53. Kc3 Kd7
54. Na3 Ke6 55. Nc2 Kd7 56. Kb4 Kc6 57. Ka4 Kd7 58. Kb5 Bc7 59. Nb4 Ke6 60. Kc6
Bxe5 61. dxe5 Kxe5 62. Kc5 1-0

[Event "CYCC U12"]
[Site "Regina CAN"]
[Date "2019.07.09"]
[Round "6.84"]
[White "Offengenden, Ron"]
[Black "Qin, Kevin"]
[Result "0-1"]
[WhiteElo "1635"]
[BlackElo "1676"]
[PlyCount "126"]
[EventDate "2019.07.07"]
[EventType "swiss"]
[EventRounds "7"]
[EventCountry "CAN"]

1. e4 c6 2. d4 d5 3. Nc3 dxe4 4. Nxe4 Nf6 5. Nxf6+ exf6 6. Bc4 Bd6 7. Qe2+ Be7
8. Nf3 O-O 9. O-O Bg4 10. c3 Bd6 11. Qd3 Re8 12. h3 Bh5 13. Nh4 Be2 14. Qxe2
Rxe2 15. Bxe2 Nd7 16. Nf5 Bc7 17. Re1 Nf8 18. Bc4 Ng6 19. Bd2 Qd7 20. g4 h5 21.
Kg2 hxg4 22. hxg4 Nh4+ 23. Kf1 Nxf5 24. gxf5 Qxf5 25. Re7 Qh3+ 26. Ke2 Qg4+ 27.
Kd3 Qf3+ 28. Kc2 Qf5+ 29. Kb3 Bd6 30. Rxf7 b5 31. Rxg7+ Kxg7 32. Rg1+ Kh7 33.
Rh1+ Kg6 34. Rg1+ Kh7 35. Rh1+ Kg7 36. Bh6+ Kh8 37. Bf8+ Qh7 38. Rxh7+ Kxh7 39.
Bxd6 bxc4+ 40. Kxc4 Rc8 41. f4 Kg6 42. b4 Kf5 43. Kc5 Ke6 44. a3 Kd7 45. c4 Rh8
46. d5 cxd5 47. Kxd5 Rh5+ 48. Be5 fxe5 49. fxe5 Rh1 50. a4 Rd1+ 51. Kc5 Ke6 52.
Kb5 Kxe5 53. Ka6 Rd7 54. c5 Kd5 55. Kb5 Rb7+ 56. Ka5 Kc6 57. b5+ Kxc5 58. Ka6
Rh7 59. a5 Rh6+ 60. Kb7 Kxb5 61. a6 Rh7+ 62. Ka8 Kb6 63. Kb8 Rh8# 0-1

[Event "CYCC U12"]
[Site "Regina CAN"]
[Date "2019.07.09"]
[Round "6.85"]
[White "Hu, Raymond"]
[Black "Zhu, Matthew"]
[Result "1/2-1/2"]
[WhiteElo "1504"]
[BlackElo "1863"]
[PlyCount "58"]
[EventDate "2019.07.07"]
[EventType "swiss"]
[EventRounds "7"]
[EventCountry "CAN"]

1. e4 c5 2. Nc3 Nc6 3. g3 g6 4. Bg2 Bg7 5. f4 d6 6. Nge2 e5 7. d3 Nge7 8. Ng1
f5 9. Nf3 O-O 10. O-O a6 11. a4 Qb6 12. Kh1 Bd7 13. fxe5 Nxe5 14. Qd2 Nxf3 15.
Rxf3 Bc6 16. Rf1 fxe4 17. Rxf8+ Rxf8 18. dxe4 Bd4 19. Nd1 d5 20. c3 dxe4 21.
Qe2 Bg7 22. Nf2 Nf5 23. Nxe4 Qb3 24. Qd3 c4 25. Qd2 Re8 26. Ng5 Bxg2+ 27. Kxg2
Ne3+ 28. Kh3 Qb6 29. Qd7 Re5 1/2-1/2

[Event "CYCC U12"]
[Site "Regina CAN"]
[Date "2019.07.09"]
[Round "6.86"]
[White "Chen, Ricky"]
[Black "Pathak, Pranav"]
[Result "1-0"]
[WhiteElo "1544"]
[BlackElo "1260"]
[PlyCount "69"]
[EventDate "2019.07.07"]
[EventType "swiss"]
[EventRounds "7"]
[EventCountry "CAN"]

1. e4 c5 2. Nf3 d6 3. d4 cxd4 4. Nxd4 Nf6 5. Nc3 Nc6 6. f3 e6 7. Be3 a6 8. Qd2
Be7 9. O-O-O O-O 10. g4 Nxd4 11. Bxd4 b5 12. h4 b4 13. Ne2 a5 14. h5 e5 15. Be3
Bb7 16. Ng3 Qd7 17. Nf5 Rfd8 18. g5 Ne8 19. g6 Bf6 20. Bc4 d5 21. Bxd5 Bxd5 22.
Qxd5 Qxd5 23. gxh7+ Kxh7 24. Rxd5 Rxd5 25. exd5 Rd8 26. Rd1 g6 27. hxg6+ fxg6
28. Ng3 a4 29. Bc5 b3 30. axb3 axb3 31. c3 Kg7 32. Ne4 Kf7 33. d6 Ke6 34. Bb6
Rb8 35. d7 1-0

[Event "CYCC U12"]
[Site "Regina CAN"]
[Date "2019.07.09"]
[Round "6.87"]
[White "Shan, Eric"]
[Black "He, Matthew"]
[Result "0-1"]
[WhiteElo "902"]
[BlackElo "1161"]
[PlyCount "86"]
[EventDate "2019.07.07"]
[EventType "swiss"]
[EventRounds "7"]
[EventCountry "CAN"]

1. e4 c6 2. d4 d5 3. Nc3 dxe4 4. Nxe4 Bf5 5. Ng3 Bg6 6. Nf3 Nd7 7. Be2 e6 8.
Be3 Bb4+ 9. c3 Bd6 10. O-O Ngf6 11. Bd3 Bxd3 12. Qxd3 O-O 13. Bg5 Qc7 14. Bxf6
Nxf6 15. Rfe1 Rfd8 16. Ne4 Be7 17. Ne5 Qxe5 18. dxe5 Rxd3 19. exf6 gxf6 20.
Rad1 Rad8 21. Rxd3 Rxd3 22. h3 f5 23. Ng3 Rd2 24. Rb1 Bc5 25. Nh1 b5 26. a3 a5
27. b4 Bb6 28. h4 Rc2 29. Rb3 a4 30. Rb1 Rxc3 31. Ng3 Rxg3 32. Kh2 Rxa3 33. h5
Rc3 34. h6 a3 35. Rd1 a2 36. Rd7 a1=Q 37. Rb7 Bd8 38. Rb8 Rd3 39. g3 Qf6 40. f4
Qxh6+ 41. Kg2 Rd2+ 42. Kf3 Qh5+ 43. Ke3 Qe2# 0-1